000 00646nam a2200217 a 4500
001 18801
003 CO-ViMGA
008 141112s2004 ck r 000 u spa d
020 _a0746036604
040 _aCO-ViMGA
_bspa
_cCO-ViMGA
082 0 4 _aMEVIECAR.942 W454
100 1 _aWingate, Philippa
_926830
245 1 0 _aAlienigenas :
_bMito o realidad?
260 _aLondres :
_bEditorial Usborne,
_c1997
300 _a48 p.
590 _aForma de adquisición : Premio Mincultura
650 1 4 _aEXTRATERRESTRES - CASOS
_926831
650 1 4 _aOBJETOS VOLADORES NO IDENTIFICADOS - GUIAS
_926832
650 1 4 _aOVNIS - CASOS
_926833
942 _2ddc
_cBK
999 _c28030
_d28030